000 00575nam a2200229Ia 4500
003 OSt
005 20221005123231.0
006 a|||||r|||| 00| 0
007 ta
008 221004b |||||||| |||| 00| 0 mal d
024 _a56203
037 _cTextual
040 _aCRL
_cCRL
_bmal
041 _2mal
_amal
082 _aO32,1NHA,1, J8.1-.2
100 _aHassan
_9625712
245 0 _aKunjhamina
260 _c1958
650 _aMALAYALAM POETRY
_9185636
942 _hO32,1NHA,1, J8.1-.2
_cTEXL
_2cc
999 _c1046789
_d1046789